• 首页
  • 本馆介绍
  • 公告通知
  • 最新文献
  • 馆藏检索
  • 电子资源
  • 读者导购
  • 参考咨询
  • 我的图书馆
  • 登录
  • 详细信息显示
  • 放入我的书架
  • 预约/预借图书
  • 作者相关作品
  • 分类相关作品
  • 丛书相关作品
  • 出版社相关作品

书目信息

  • 表格格式
  • 工作单格式
  • 卡片格式
题名:
杜甫新论
    
 
作者: 韩成武 著
分册:  
出版信息: 保定   河北大学出版社  2007
页数: 284页
开本: 21cm
丛书名:
单 册:
中图分类: I207.227.423
科图分类:
主题词: 杜诗--文学评论 , 杜诗 , 文学评论
电子资源:
ISBN: 7-81097-137-9
000 00797nam0 2200253 450
001 1260753048
005 20121014165311.18
010    @a7-81097-137-9@dCNY15.00
100    @a20070226d2007 em y0chiy50 ea
101 0  @achi
102    @aCN@b130000
105    @ay z 000yy
200 1  @a杜甫新论@Adu fu xin lun@f韩成武著
210    @a保定@c河北大学出版社@d2007
215    @a284页@d21cm
300    @a河北省教育厅社科规划项目 河北大学社科出版基金资助
330    @a本书所汇集的文章主要是针对杜甫诗歌的思想内容,兼部分作品的编年、立意和注释等具体问题,发表了个人的一些意见。
606 0  @a杜诗@x文学评论
606 0  @a杜诗
606 0  @a文学评论
690    @aI207.227.423@v4
701  0 @a韩成武@Ahan cheng wu@f(1945~)@4著
801  0 @aCN@bNLC@c20101222
905    @a10447@dI207.227.423@eJY499
    
    杜甫新论/韩成武著.-保定:河北大学出版社,2007
    284页;21cm
    河北省教育厅社科规划项目 河北大学社科出版基金资助
    
    ISBN 7-81097-137-9:CNY15.00
    本书所汇集的文章主要是针对杜甫诗歌的思想内容,兼部分作品的编年、立意和注释等具体问题,发表了个人的一些意见。
●
相关链接 在E读中查询图书 在五车中查询图书 在当当中查询图书 在豆瓣中查询图书


正题名:杜甫新论     索取号:I207.227.423/JY499         预约/预借

序号 登录号 条形码 馆藏地/架位号 状态 备注
1 7801208   278012080   学院路分馆/ [索取号:I207.227.423/JY499] 在馆    
2 7801209   278012099   学院路分馆/ [索取号:I207.227.423/JY499] 在馆    
唐山师范学院图书馆 欢迎您!
大连网信软件有限公司© 版权所有